Statistiken für Fußballquiz – Multiple Choice Teil 1

Klicken Sie hier um das Quiz zu spielen!

Allgemein

  • Dieses Quiz wurde 559 mal gespielt
    (555 seit der letzten Aktualisierung)
  • Das Durchschnittsergebnis liegt bei 7 aus 15

Antwortstatistiken

FrageAntwort% Korrekt
Was haben Rot-Weiß Oberhausen und Celtic Glasgow gemeinsam?Kleeblatt im Wappen
70%
Was ist eine Institution in der Sport1-Sendung "Doppelpass"?Phrasen-Schwein
70%
Welche Tiere sind auf dem Wappen von Newcastle United zu sehen?Seepferdchen
65%
Welcher Sohn eines ehemaligen Bundesligatrainers wurde 2023 – wie sein Vater 30 Jahre zuvor – Trainer von Eintracht Frankfurt?Dino Toppmöller
63%
In welchem Stadion spielte Borussia Dortmund, bevor das Westfalenstadion gebaut wurde?Rote Erde
61%
Wer war zwischen 1984 und 1989 Trikotsponsor von Bayern München?Commodore
58%
Welche beiden eher als Außenseiter eingeschätzte Vereine standen sich im UEFA-Pokal-Finale 1987 gegenüber?Dundee United und IFK Göteborg
56%
Welches Gründungsmitglied der Bundesliga stieg nach einem Jahr ab und bisher nie wieder auf?Preußen Münster
52%
Welcher Verein wurde seit 2017 viermal japanischer Meister?Kawasaki Frontale
51%
Welche asiatische Mannschaft war bei ihrer bisher einzigen WM-Teilnahme 1990 Vorrundengegner der deutschen Mannschaft?Vereinigte Arabische Emirate
47%
Welcher Fußballspieler hatte 1972 einen Auftritt im Film "Willi wird das Kind schon schaukeln" mit Heinz Erhardt?Uwe Seeler
39%
Wer hatte laut einem Hit von Alan & Denise aus dem Jahr 1983 "sexy knees"?Karl-Heinz Rummenigge
37%
Warum machte sich die englische Presse 2009 über den ehemaligen Nationaltrainer Steve McClaren lustig?Nach einem Jahr bei Twente Enschede sprach er plötzlich mit holländischem Akzent
23%
Tottenham Hotspur war 1983 der erste Fußballclub, der ...?an die Börse ging
22%
Was war das Besondere an Robert Schlienz, dem Kapitän der 1952er Meistermannschaft des VfB Stuttgart?ihm fehlte ein Arm
18%

Verteilung der Resultate

Perzentil nach korrekt beantworteten Fragen

Anzahl Personen mit jedem Resultat

Ihre Resultats-Entwicklung

Sie haben dieses Quiz seit der letzten Aktualisierung nicht gespielt